Дело по представлению Таврического гражданского губернатора, об определении в Таврические муфтии Муртазы Челеби Еффендия

Доступно только в Электронных читальных залах Найти на картеНа карте
RUSMARC
00003696nmc2a2200000 x 450
0018578070b-28fe-4f21-9bd7-69e5d4706a82
00520170118132129.0
100##$a20141003l18061806k l0rusy0189 ca
1010#$arus
102##$aRU
2001#$aДело по представлению Таврического гражданского губернатора, об определении в Таврические муфтии Муртазы Челеби Еффендия
$j[Начато]24 декабря 1806 г.
251##$cДело
300##$aДело
801#0$aRU
$bРГИА
$c20141003
$gRCR
801#1$aRU
$bГлавНИВЦ
$c20141003
$2rusmarc
801#2$aRU
$bПБ им. Б.Н. Ельцина
$c20170118
$gRCR
$2rusmarc
850##$aРГИА
852##$aРГИА
$eФедеральное казенное учреждение "Российский государственный исторический архив" (РГИА)
$j132
937##$hРГИА
$d11614527
$aASBIBLIO_SCAN
462#0$1001be294987-8465-4f10-8ac6-8b4408505da9
$12001
$a1802-1810 гг. Дела Департамента полиции исполнительной МВД за 1806 г.
$1251
$cОпись
$1852
$j1
461#0$10013e300ed0-cd39-49af-8489-5ba5b90fa401
$12001
$aДепартамент полиции исполнительной МВД
$1251
$cФонд
$1852
$j1286
215##$a21 л.
$d36,5x26 см
371##$aДокумент не является опубликованным и широко распространяемым
105##$aу###
1222#$ad
035##$a8578070b-28fe-4f21-9bd7-69e5d4706a82
856##$uhttp://readingroom.main.prlib.ru/item.aspx?id_node=n94545605&mode=full
Формат отображения